State Of Grace lyrics - Statistics

General Stats
  • This quiz has been taken 98 times
  • The average score is 193 of 231
Answer Stats
Lyrics % Correct
a
100%
I
100%
is
100%
you
100%
You
100%
and
98%
And
98%
go
98%
saint
98%
the
98%
grace
95%
me
95%
of
95%
state
95%
are
93%
this
93%
This
93%
we
93%
We
93%
it
90%
love
90%
Love
90%
to
90%
all
88%
be
88%
game
88%
good
88%
I'm
88%
just
88%
Just
88%
I'll
85%
in
85%
know
85%
play
85%
your
85%
my
83%
never
83%
right
83%
same
83%
saw
83%
unless
83%
you're
83%
coming
80%
don't
80%
lights
80%
live
80%
ruthless
80%
So
80%
hands
78%
touch
78%
traffic
78%
with
78%
but
75%
fast
75%
fight
75%
These
75%
Achilles
73%
alone
73%
alone,
73%
blue
73%
Busy
73%
busy
73%
eyes
73%
our
73%
streets
73%
through
73%
walking
73%
were
73%
wild
73%
worthwhile
73%
fate,
70%
golden
70%
heel
70%
lives
70%
shades
70%
something
70%
age
68%
broken
68%
four
68%
hearts,
68%
let
68%
real
68%
room
68%
wrong
68%
changing
65%
fall
65%
learn
65%
like
65%
loved
65%
'til
65%
time
65%
minds
63%
pain,
63%
hurts
60%
or
60%
twin
60%
Up
60%
around
58%
bleeds,
58%
clean
58%
come
58%
fades
58%
fire
58%
I've
55%
mosaic
55%
signs,
55%
armor
53%
ball
53%
cannon
53%
Now
53%
Pierce
50%
slates
50%
falls
43%
brave
38%
No matching quizzes found
Score Distribution
Percent of People with Each Score
Percentile by Number Answered
Your Score History
You have not taken this quiz